Mathematics For Engineers (Record no. 321440)

MARC details
000 -LEADER
fixed length control field 00449nam a2200157Ia 4500
008 - FIXED-LENGTH DATA ELEMENTS--GENERAL INFORMATION
fixed length control field 230718s9999 xx 000 0 und d
041 ## - LANGUAGE CODE
Language code of text/sound track or separate title eng
082 ## - DEWEY DECIMAL CLASSIFICATION NUMBER
Classification number 510.2'462
Item number ARU
100 ## - MAIN ENTRY--PERSONAL NAME
Personal name Arumugam S.
9 (RLIN) 141143
245 ## - TITLE STATEMENT
Title Mathematics For Engineers
260 ## - PUBLICATION, DISTRIBUTION, ETC. (IMPRINT)
Date of publication, distribution, etc. 2009
Name of publisher, distributor, etc. Scitech Pub
300 ## - PHYSICAL DESCRIPTION
Extent 937
365 ## - TRADE PRICE
Currency code Rs.
Price amount 595.00
700 ## - ADDED ENTRY--PERSONAL NAME
Personal name Arumugam S.; Isaac A.T. & Somasundaram A.
9 (RLIN) 188034
906 ## - LOCAL DATA ELEMENT F, LDF (RLIN)
d O:0012030-Jun-2009B:5608-Apr-2009
c MATHS
b 119
Holdings
Withdrawn status Lost status Damaged status Not for loan Home library Current library Date acquired Vendor Budget Code Cost, normal purchase price Bill number Total Checkouts Full call number Barcode Date last seen Discount Cost, replacement price Bill Date Koha item type Original Barcode
        Cummins College of Engineering for Women Pune Cummins College of Engineering for Women Pune 30/06/2009 Tbs MATHS 476.00 56   510.2'462 CCEP-BK-32647 18/07/2023 119 595.00 08/04/2009 Books 032647